| 000 | 01034nam a2200205 a 4500 | ||
|---|---|---|---|
| 001 | 43415 | ||
| 005 | 20180714021928.0 | ||
| 008 | 140415s1993 sp 000 0 spa d | ||
| 020 | _a8431312653 | ||
| 041 | _aspa | ||
| 082 |
_a302.2 _bALG |
||
| 100 | 1 | _aALGARRA, MANUEL MARTIN | |
| 245 | 1 | 3 |
_aLA COMUNICACION EN LA VIDA COTIDIANA : _bLA FENOMENOLOGIA DE ALFRED SCHUTZ |
| 250 | _a1a ed. | ||
| 260 |
_aESPAÑA : _bEUNSA, _c1993 |
||
| 300 |
_a276 _cx 14.5 x 21.5 |
||
| 490 | _aCIENCIAS DE LA INFORMACION | ||
| 520 | _aLA COMUNICACION EN LA VIDA COTIDIANA PRETENDE OFRECER AL LECTOR UNA VISION ORDENADA DEL PENSAMIENTO DE ALFRED SCHUTZ. PARA ELLO SE PARTE DE UN PRIMER CAPITULO QUE INTRODUCE AL LECTOR EN LA VIDA Y EL TALANTE INTELECTUAL DE SCHUTZ. A CONTINUACION SE ABORDAN EN LOS CAPITULOS SIGUIENTES LOS CONCEPTO FUNDAMENTALES DE SU SISTEMA DE PENSAMIENTO: EL MUNDO DE LA VIDA, LA TEORIA DE LA ACCION, LA INTERSUBJETIVIDAD Y LA COMUNICACION. | ||
| 650 | 1 | 4 |
_aCOMUNICACION _xASPECTOS SOCIALES _xMEDIOS DE COMUNICACION |
| 999 |
_c43415 _d43415 |
||